000 00441nam a22001457a 4500
003 OSt
005 20240425120826.0
008 240425b |||||||| |||| 00| 0 eng d
040 _cMRSPTU
100 _aSwami Ranganathananda (स्वामी, रंगनाथानन्द )
245 _aJigyasa Aur Bodh (जिज्ञासा और बोध)
260 _aNagpur
_bRam Krishan Muth
_c2018
300 _a51
942 _2ddc
_cBK
_n0
999 _c10146
_d10146